| 000 | 00890nam a2200253 a 4500 | ||
|---|---|---|---|
| 001 | 1229 | ||
| 003 | BR-CuiBMT | ||
| 005 | 20231201190734.0 | ||
| 008 | 230919s2008 dfb 000 0 por d | ||
| 020 | _a9788571398993 | ||
| 040 |
_aBR-CuiBMT _cBR-CuiBMT |
||
| 080 |
_a342.511 _x(73) _22007 |
||
| 090 |
_a342.511(73) _bN496p |
||
| 100 | 1 | 0 |
_aNeustadt, Richard E. _d1919-2003. |
| 245 | 1 | 0 |
_aPoder presidencial e os presidentes modernos : _ba política de liderança de Roosevelt a Reagan / _cRichard E. Neustadt. |
| 260 |
_aBrasília ; São Paulo : _bENAP : UNESP, _c2008. |
||
| 300 |
_a452 p. ; _c23 cm |
||
| 504 | _aInclui bibliografia. | ||
| 650 |
_aPresidente da República _xPoderes e atribuições _zEstados Unidos |
||
| 650 |
_aPolítica e governo _zEstados Unidos |
||
| 650 |
_aPresidencialismo _zEstados Unidos |
||
| 650 |
_aLiderança política _zEstados Unidos |
||
| 942 |
_2udc _cLV |
||
| 999 |
_c1229 _d1229 |
||